| 000 | 00776nam a2200289Ia 4500 | ||
|---|---|---|---|
| 001 | 52469 | ||
| 005 | 20240114005307.0 | ||
| 007 | ta | ||
| 008 | 100805s2008 g b000 u 903 u | ||
| 020 | _a978-81-272-4434-7 | ||
| 040 | _aCotton College,Assam | ||
| 041 | _a903 | ||
| 082 |
_a370.954 _bSw 14 Tr |
||
| 100 | _aSwain, Sanjay K. . | ||
| 245 | 0 |
_aTrends and Issues in Indian Education / _cSanjay K.Swain. _hTextual Documents |
|
| 250 | _aRevised ed. / | ||
| 260 |
_aNew Delhi : _bKalyani Publishers , _c2008. |
||
| 300 |
_a375pg ; _c19cm. |
||
| 653 | _aEducation | ||
| 653 | _aIndian Education | ||
| 653 | _aDeptt- Education | ||
| 653 | _aMajor- Education | ||
| 942 |
_2ddc _cBK |
||
| 999 |
_c52433 _d52433 |
||